000 00602nam a22002057a 4500
999 _c195230
_d195230
005 20230403172119.0
010 _aENG-136389
020 _a9781848976894
_c800.00
035 _aEN-119921
037 _bDBAD/PUB
082 _a881
100 _aGhosh, Rudrendra
245 _aPoetry Collection :
_b The Modhumoti Flows Quietly/
_cBy Rudrendra Ghosh
250 _aFirst
260 _aLondon
_bOlympia Publishers
_c2016
270 _bLondon
_aTallis House,2Tallis Street
_e700020
300 _a199p.;
_c20cm(pb)
_bill.
500 _aPoetry collections
942 _2ddc
_cEN
_mRUD
_h881